| 000 | 00980nam a2200253I 4500 | ||
|---|---|---|---|
| 001 | 7078 | ||
| 003 | BD-RjUL | ||
| 005 | 20211208234348.0 | ||
| 008 | 130114 1965 enk eng u | ||
| 035 | _a(BD-RjUL) | ||
| 040 |
_cMUB _dm.c. _dBOS _aBD-RjUL _beng |
||
| 041 | _aeng | ||
| 082 |
_a 500 _bBIE 1965 |
||
| 090 |
_aQ171 _b.F651 |
||
| 245 | 0 | 4 |
_aThe Excitement and fascination of science; _ba collection of autobiographical and philosophical essays / _cby George H. Bishop [and others] |
| 260 |
_aPalo Alto, Calif., _bAnnual Reviews, inc. _c1965 |
||
| 300 |
_ax, 566 p. _billus., ports. _c23 cm. |
||
| 500 | _a"Reprinted from the Annual review of biochemistry, the Annual review of pharmacology, the Annual review of physical chemistry, and the Annual review of physiology." | ||
| 504 | _aIncludes bibliographies. | ||
| 650 | 0 |
_aScience. _922172 |
|
| 700 | 1 | 0 |
_aBishop, George H. _q(George Holman), _db. 1889. _922173 |
| 710 | 2 | 0 |
_aAnnual Reviews, inc. _922174 |
| 942 |
_2ddc _cBK |
||
| 999 |
_c7078 _d7078 |
||